000 00641nam a2200241Ia 4500
003 OSt
005 20221005032316.0
006 a|||||r|||| 00| 0
007 ta
008 221004b |||||||| |||| 00| 0 eng d
024 _a97787
037 _cTextual
040 _aCRL
_cCRL
_beng
041 _2eng
_aeng
082 _aW, N5
100 _aVidal-Naquet Pierre
_9243667
245 0 _aPolitics ancient and modern
260 _aChicago
_bPolity Press
_c1995
650 _aPOLITICAL SCIENCE
700 _a Lloyd Janet Tr.
942 _hW, N5
_cTEXL
_2cc
999 _c939522
_d939522